Inheriting the city: the children of immigrants come of age/
שמור ב:
| מחבר ראשי: | |
|---|---|
| מחברים אחרים: | , , |
| פורמט: | ספר |
| שפה: | English |
| יצא לאור: |
New York:
Russell Sage Foundation; Harvard University Press
2008
|
| תגים: |
הוספת תג
אין תגיות, היה/י הראשונ/ה לתייג את הרשומה!
|
MARC
| LEADER | 00000nam a22000007a 4500 | ||
|---|---|---|---|
| 003 | cru CIDCACS/IIS | ||
| 005 | 20180308062534.0 | ||
| 007 | ta | ||
| 008 | 180301t2008 -us|||||r||||||0| ||eng|d | ||
| 999 | |c 41101 |d 41101 | ||
| 020 | |a 9780674028036 | ||
| 040 | |c cru CIDCACS/IIS | ||
| 090 | |a 14.07.01 I55i | ||
| 100 | 1 | |a Kasinitz, Philip |d 1957- |9 6734 | |
| 245 | 1 | |a Inheriting the city: |b the children of immigrants come of age/ |c Philip Kasinitz, John H. Mollenkopf, Mary C. Waters, Jennifer Holdaway | |
| 260 | |a New York: |b Russell Sage Foundation; |b Harvard University Press |c 2008 | ||
| 300 | |a 420 páginas: |b tablas, gráficos | ||
| 500 | |a Donado por Joanna Dreby | ||
| 700 | 1 | |9 6735 |a Mollenkopf, John H. | |
| 700 | 1 | |9 6736 |a Holdaway, Jennifer | |
| 700 | 1 | |9 6737 |a Waters, Mary C. | |
| 942 | |2 ddc |c LI | ||



